000 00647nam a2200253Ia 4500
003 OSt
005 20220912145342.0
006 a|||||r|||| 00| 0
007 ta
008 220909b |||||||| |||| 00| 0 eng d
024 _a70663
037 _cTextual
040 _aCSL
_beng
_cCSL
041 _aeng
082 _aG, K21
100 _aVillee C A
245 0 _aBiology
260 _aPhiladelphia
_bW B Saunders
_c1962
300 _axxii,625p.
_ccm.
500 _aIncludes references; Appendix 597-601p; Bibliography 603-608p
650 _aBiology
942 _hG, K21
_cTEXL
_2CC
999 _c29655
_d29655